00863 a2200145 4500082001900000100002000019245001800039260003500057300003100092505041000123650003600533700001900569999001300588952011600601 a759.054bC619i aClay, Jean9512 aImpressionism aItalybLibraire Hachettec1973 a319 pbil (a color)c32 cm tPreface by Rene HuyghetIntroductiontThe Events, The MentThe PrecursorstThe Artist's Point of View ShiftstObjects and Environment InterpenetratetColor Acquires Its IndependencetThe Work Is... A Section of NaturetThe Painter Minimizes Perspective...tThe Artist Solicits the Spectator's Optic Nerve...tPrices by Franȯis Duret-RoberttIndex of PainterstList of IlustrationstBibliographytCredits xPintura francesaxHistoria9513 aJean Clay9514 c101d101 00102ddc4070aLVbLVcPensamientod2014-05-03l0o759.054 C619ip000100r2014-05-03 00:00:00w2014-05-03y01